La fruticultura nacional /

Guardado en:
Autor Principal: Cassagne Serres, Alberto
Formato: Libro
Publicado: Buenos Aires : A. Baiocco, 1928
Materias:
Etiquetas: Agregar Etiqueta
Sin Etiquetas, Sea el primero en etiquetar este registro!
LEADER 00494nam a22001815a 4500
001 CEM.cems001479
005 20060214000000.0
008 130507s1928##################000#0#####d
003 CEMS
082 0 4 |a 634.0982 
100 1 |a Cassagne Serres, Alberto 
245 1 0 |a La fruticultura nacional / 
260 |a Buenos Aires :  |b A. Baiocco,  |c 1928 
300 |a 106 p. 
653 |a Agricultura 
653 |a Argentina 
653 |a Fruticultura 
859 |a CEMS  |b BIB. CEMS - 11 de abril  |h 634.0982  |i C261  |p 3528.74  |t Ej.1